ბათუმის შოთა რუსთაველის სახელმწიფო უნივერსიტეტის ბიბლიოთეკა

Микроэкономика: (ბიბ.ჩანაწერი № 37051)

000 -LEADER
fixed length control field 00702nam a2200241Ia 4500
001 - CONTROL NUMBER
control field 3005
003 - CONTROL NUMBER IDENTIFIER
control field GE_BSU
008 - FIXED-LENGTH DATA ELEMENTS--GENERAL INFORMATION
fixed length control field 181216s||||||||xx |||||||||||||| ||und||
020 ## - INTERNATIONAL STANDARD BOOK NUMBER
International Standard Book Number 590028168
040 ## - CATALOGING SOURCE
Transcribing agency GE_BSU
080 ## - UNIVERSAL DECIMAL CLASSIFICATION NUMBER
Universal Decimal Classification number 330.101(075.8)
100 ## - MAIN ENTRY--PERSONAL NAME
Personal name . Гальперин.В.М. С.М. Игнатьев, В.И. Моргунов
245 ## - TITLE STATEMENT
Title Микроэкономика:
245 ## - TITLE STATEMENT
Statement of responsibility, etc. общая редакция В. М. Гальперина.
250 ## - EDITION STATEMENT
Edition statement изд. 2-e в 2-х т. том I
260 ## - PUBLICATION, DISTRIBUTION, ETC.
Place of publication, distribution, etc. СПб
260 ## - PUBLICATION, DISTRIBUTION, ETC.
Name of publisher, distributor, etc. Экономическая школа
260 ## - PUBLICATION, DISTRIBUTION, ETC.
Date of publication, distribution, etc. 1997
300 ## - PHYSICAL DESCRIPTION
Extent 349 с.
653 ## - INDEX TERM--UNCONTROLLED
Uncontrolled term Микроэкономика
942 ## - ADDED ENTRY ELEMENTS (KOHA)
Koha item type წიგნი
ეგზემპლარები
Withdrawn status Lost status Damaged status Not for loan Date acquired Barcode Date last seen Price effective from Koha item type Public note
        2018-12-17 7944 2018-12-17 2018-12-17 წიგნი დარბაზი
        2018-12-17 7945 2018-12-17 2018-12-17 წიგნი დარბაზი
        2018-12-17 8099 2018-12-17 2018-12-17 წიგნი დარბაზი